Osobitosti subjektov verejnej správy
Všetky subjekty verejnej správy musia účtovať v sústave podvojného účtovníctva, z dôvodu centralizácie účtovných údajov pri konsolidácii verejnej správy. Právna úprava účtovníctva subjektov verejnej správy vychádza zo spoločného zákona č. 431/2002 Z. z. o účtovníctve v znení neskorších predpisov.
Salvato in:
| Autore principale: | |
|---|---|
| Natura: | Capitolo di libro |
| Lingua: | slovacco |
| Soggetti: | |
| Tags: |
Nessun Tag, puoi essere il primo ad aggiungerne!!
|
MARC
| LEADER | 00000naa a2200000 4500 | ||
|---|---|---|---|
| 001 | 0219465 | ||
| 005 | 20240502073621.2 | ||
| 041 | 0 | |a slo | |
| 044 | |a SK | ||
| 245 | 1 | 0 | |a Osobitosti subjektov verejnej správy |c Ingrid Šabíková |
| 520 | |a Všetky subjekty verejnej správy musia účtovať v sústave podvojného účtovníctva, z dôvodu centralizácie účtovných údajov pri konsolidácii verejnej správy. Právna úprava účtovníctva subjektov verejnej správy vychádza zo spoločného zákona č. 431/2002 Z. z. o účtovníctve v znení neskorších predpisov. | ||
| 610 | 2 | 0 | |a jednotka účtovná |
| 610 | 2 | 0 | |a metódy účtovné |
| 610 | 2 | 0 | |a prípady účtovné |
| 610 | 2 | 0 | |a pravidlá účtovné |
| 610 | 2 | 0 | |a zákony |
| 610 | 2 | 0 | |a účtovníctvo podvojné |
| 610 | 2 | 0 | |a správa verejná |
| 100 | 1 | |a Šabíková, Ingrid | |